Normal view
MARC view
Entry Topical Term
001 - CONTROL NUMBER
- control field: 854960
003 - CONTROL NUMBER IDENTIFIER
- control field: OSt
005 - DATE AND TIME OF LATEST TRANSACTION
- control field: 20251205151854.0
008 - FIXED-LENGTH DATA ELEMENTS
- fixed length control field: 251205|| aca||aabn | a|a d
040 ## - CATALOGING SOURCE
- Original cataloging agency: OSt
- Transcribing agency: OSt
150 ## - HEADING--TOPICAL TERM
- Topical term or geographic name entry element: Political Science
670 ## - SOURCE DATA FOUND
- Source citation: Work cat.: (OSt)1435928: Fleming, Sean 822151, Leviathan on a leash : , 2020.
